00310nam a2200133Ia 4500008004100000100002100041245004000062250001200102260001800114300000800132650001400140942000700154999001500161190216s9999||||xx |||||||||||||| ||und|| aPrasanna Chandra 0aValuation Of Equity Shares In India a1st Ed. bS. Chand & Co a148 aEconomics cBK c9368d9368